000 00480nam a2200181Ia 4500
001 16348
005 20260306170303.0
008 260306t2005||||xx |||||||||||||| ||und||
041 _aESP
082 _a348.55
_bH63
100 _aHocsman, Heriberto Simón
_eAUT
245 0 _aNegocios en Internet:
_bE-commerce. Correo electrónico. Firma digital
260 _c2005
300 _axxxii, 538 páginas :
_c23 cm.
650 _aGEN
654 _aCDE
942 _cLIB
_dJUS
_fJUS
_2ddc
_n
999 _c16348
_d16348